Normal view
MARC view
- خشبة،دريني
Entry Personal Name
001 - CONTROL NUMBER
- control field: 14253
003 - CONTROL NUMBER IDENTIFIER
- control field: JO-AjAnu
005 - DATE AND TIME OF LATEST TRANSACTION
- control field: 20230606072558.0
008 - FIXED-LENGTH DATA ELEMENTS
- fixed length control field: 230606|| aca||aabn | a|a d
040 ## - CATALOGING SOURCE
- Original cataloging agency: JO-AjAnu
- Transcribing agency: JO-AjAnu
100 ## - HEADING--PERSONAL NAME
- Personal name: خشبة،دريني
670 ## - SOURCE DATA FOUND
- Source citation: Work cat.: (JO-AjAnu)7325: خشبة،دريني, author, فن كتابة المسرحية: دراسة